| 000 | 01120cam a22003614a 4500 | ||
|---|---|---|---|
| 001 | 6865 | ||
| 003 | FISKH | ||
| 005 | 20250604090630.0 | ||
| 008 | 990802s2000 nyua b 000 0 eng | ||
| 010 | _a 99043607 | ||
| 020 | _a0789454122 (hbk.) | ||
| 020 | _a9780789454119 | ||
| 020 | _a0789454114 (pbk.) | ||
| 035 | _a(DLC) 99043607 | ||
| 040 |
_aDLC _cDLC _dDLC _beng |
||
| 050 | _aTH900 .W34 | ||
| 082 | _a624 | ||
| 100 | 1 | _aWallace, Karen. | |
| 245 | 1 | 0 |
_aBig machines / _cwritten by Karen Wallace. |
| 260 |
_aNew York : _bDK Publings, _c2000. |
||
| 300 |
_a32 pages : _bcolor illustrations ; _c23 cm |
||
| 440 | 0 |
_aEyewitness readers. _nLevel 1 |
|
| 505 | _aJ | ||
| 520 | _aDemonstrates how the crane, bulldozer, dump truck, and other construction machines all play a part in building a new park. | ||
| 521 |
_a460
_bLexile |
||
| 521 |
_aJ
_bRaz-Plus KSP |
||
| 650 | 0 |
_aConstruction equipment _vJuvenile literature. |
|
| 650 | 1 | _aConstruction equipment. | |
| 650 | 1 | _aMachinery. | |
| 906 |
_a7 _bcbc _corignew _d1 _eocip _f19 _gy-gencatlg |
||
| 942 |
_2ddc _cBK _n0 |
||
| 999 |
_c6865 _d6865 |
||